000 00723nam a22001937a 4500
003 UA-OsUOA
001 10792
007 ta
008 20050127b un ||||| |||| 00| 0 ukr d
100 _aХомуленко Т. Т.
700 _aХомуленко Б.
942 _cSA
040 _aUA-OsUOA
_cUA-OsUOA
_dUA-OsUOA
245 _aДихотомія "авторитарність - демократичність" в онтогенезі особистості
_cТ., Хомуленко Б. Хомуленко Т.
300 _aС.146 - 154
955 _a0
773 0 _w0
_tПсихологія і суспільство
_dТернопіль
_d2004
_g№4
650 7 _aПсихологія особистості
_2UDC
999 _c296953
_d296953